Squid Game Games Quiz - Statistics

General Stats
  • This quiz has been taken 194 times
    49 since last reset
  • The average score is 12 of 16
Answer Stats
Answer % Correct
Red Light, Green Light
95%
Mingle
87%
Squid Game
87%
Tug Of War
87%
Dalgona
84%
Hide And Seek
84%
Jump Rope
84%
Glass Bridge
82%
Sky Squid Game
82%
Marbles
79%
Lights Out
76%
Bathroom Fight
74%
Six Legged Pentathlon
58%
Rebellion
55%
Voting
39%
Dinner Scene
11%
No matching quizzes found
Score Distribution
Percent of People with Each Score
Percentile by Number Answered
Your Score History
You have not taken this quiz since the last reset